South Eastern Kenya University

Library Online Public Access Catalogue


Techniques of good writing. (Record no. 2951)

MARC details
000 -LEADER
fixed length control field 00314cam a22001212 4500
050 00 - LIBRARY OF CONGRESS CALL NUMBER
Classification number PE1408
Item number .F52
100 1# - MAIN ENTRY--PERSONAL NAME
Personal name Ford, Margaret L. [from old catalog]
245 10 - TITLE STATEMENT
Title Techniques of good writing.
260 ## - PUBLICATION, DISTRIBUTION, ETC. (IMPRINT)
Place of publication, distribution, etc. [Agincourt, Ont.]
Name of publisher, distributor, etc. Book Society of Canada
Date of publication, distribution, etc. [1960]
300 ## - PHYSICAL DESCRIPTION
Extent 240 p.
650 #0 - SUBJECT ADDED ENTRY--TOPICAL TERM
General subdivision Rhetoric.
942 ## - ADDED ENTRY ELEMENTS (KOHA)
Koha item type General circulation
Holdings
Withdrawn status Lost status Source of classification or shelving scheme Damaged status Not for loan Home library Current library Date acquired Cost, normal purchase price Total Checkouts Full call number Barcode Date last seen Cost, replacement price Price effective from Koha item type Public note
    Library of Congress Classification     SEHSS - Library SEHSS - Library 03/09/2014 660.33   [EHS] PE 1408 .F515 2017/020372 03/09/2014 1160.00 03/09/2014 General circulation leo
Kitui, Kenya.
+254736116989
library@seku.ac.ke